| 000 | 01001nam a2200241 a 4500 | ||
|---|---|---|---|
| 001 | 49471 | ||
| 003 | BD-RjUL | ||
| 005 | 20211209054702.0 | ||
| 008 | 160821s1983 bg ||||| |||| 00| 0 ben d | ||
| 020 | _c :Tk.50.00 | ||
| 035 | _a(BD-RjUL)49590 | ||
| 040 |
_aBD-RjUL _bben _cBD-RjUL |
||
| 041 | _aben | ||
| 082 |
_223 _a891.55095492 _bABB 1983 |
||
| 100 |
_aআবদুল্লাহ, মুহাম্মদ _9118504 |
||
| 245 | 1 | 0 |
_aবাংলাদেশে ফার্সী সাহিত্য / _cমুহাম্মদ আবদুল্লাহ |
| 260 |
_aঢাকা : _bইসলামিক ফাউন্ডেশন বাংলাদেশ, _c১৯৮৩ |
||
| 300 |
_a৪৪৮ পৃ.; _c২১ সেমি. |
||
| 504 | _aনির্ঘন্ট ও শুদ্ধি পত্র সংযুক্ত | ||
| 650 |
_aফার্সী সাহিত্য _vবাংলাদেশ _9148449 |
||
| 650 |
_aPersian Literature _vbangladesh _9148450 |
||
| 942 |
_2ddc _cBK |
||
| 999 |
_c49471 _d49471 |
||